LDR 01119nam a2200217 4500 001 000000357911 003 CaOOAMICUS 005 20240408151007.0 008 240408s1888 it 2 000 u ita r 040 $aSeMil$bita 100 1 $aFerrari, Andrea Carlo,$c
.$0(OLS)http://semarc/name/8218 245 13$aLa prima proposizione condannata di Antonio Rosmni :$bquestione letta nell'Accademia parmense di San Tommaso d'Aquino /$cdal sac. Andrea Ferrari. 264 1$aParma :$bTip. Fiaccadori,$c1888. 300 $a12 p. ;$c27 cm 500 $aEstratto da: Eco di S. Tommaso (periodico scientifico) 650 4$aRosmini Serbati, Antonio
- "Questione rosminiana".$0(OLS)http://semarc/subject/19595 850 $aSeMil 852 $aSeMil$W1$xVenegono$y1$m5B VI 6/2$j247467$B249052$CSeMilBibl$Z2$F249052 $81 996 $6245$aLa prima proposizione condannata di Antonio Rosmni :$bquestione letta nell'Accademia parmense di San Tommaso d'Aquino$9(OLS)http://semarc/title/448201 996 $6264$aParma :$bTip. Fiaccadori$9(OLS)http://semarc/publisher/52396